NFC South Winners since 2002 - Statistics

General Stats
  • This quiz has been taken 198 times
    31 since last reset
  • The average score is 23 of 24
Answer Stats
Year NFC South Winner Record % Correct
2016 Atlanta Falcons 11-5
100%
2025 Carolina Panthers 8-9
100%
2015 Carolina Panthers 15-1
100%
2014 Carolina Panthers 7-8-1
100%
2013 Carolina Panthers 12-4
100%
2020 New Orleans Saints 12-4
100%
2019 New Orleans Saints 13-3
100%
2018 New Orleans Saints 13-3
100%
2017 New Orleans Saints 11-5
100%
2024 Tampa Bay Buccaneers 10-7
100%
2023 Tampa Bay Buccaneers 9-8
100%
2022 Tampa Bay Buccaneers 8-9
100%
2021 Tampa Bay Buccaneers 13-4
100%
2012 Atlanta Falcons 13-3
96%
2010 Atlanta Falcons 13-3
96%
2008 Carolina Panthers 12-4
96%
2011 New Orleans Saints 13-3
96%
2009 New Orleans Saints 13-3
96%
2006 New Orleans Saints 10-6
92%
2007 Tampa Bay Buccaneers 9-7
92%
2004 Atlanta Falcons 11-5
88%
2005 Tampa Bay Buccaneers 11-5
88%
2003 Carolina Panthers 11-5
85%
2002 Tampa Bay Buccaneers 12-4
85%
No matching quizzes found
Score Distribution
Percent of People with Each Score
Percentile by Number Answered
Your Score History
You have not taken this quiz since the last reset